| 000 | 00593cam a2200205 a 4500 | ||
|---|---|---|---|
| 020 | _a047122863X | ||
| 040 | _cDLC | ||
| 082 | 0 | 0 | _a530 WIL 2003 A058 Or. |
| 100 | 1 | _aHalliday, David, | |
| 245 | 1 | 0 | _aFundamentals of physics / |
| 250 | _a6th ed., enhanced problems version | ||
| 260 |
_aNew York : _bWiley, _cc2003 |
||
| 300 |
_a1 v. (various pagings) : _bill. (some col.) ; _c26 cm |
||
| 500 | _aIncludes index | ||
| 650 | 0 | _aPhysics | |
| 700 | 1 | _aResnick, Robert, | |
| 700 | 1 | _aWalker, Jearl, | |
| 856 | 4 | 2 | _uhttp://www.loc.gov/catdir/description/wiley041/2002281486.html |
| 942 | _cEK | ||
| 999 |
_c14005 _d14005 |
||